Music Changes Lives (Record no. 333166)
[ view plain ]
| 000 -LEADER | |
|---|---|
| fixed length control field | 00480nam a2200097Ia 4500 |
| 008 - FIXED-LENGTH DATA ELEMENTS--GENERAL INFORMATION | |
| fixed length control field | 170517s9999 xx 000 0 und d |
| 245 ## - TITLE STATEMENT | |
| Title | Music Changes Lives |
| 300 ## - PHYSICAL DESCRIPTION | |
| Extent | Filmed over the course of a school year, Music Changes Lives follows the progress of two Dublin schools - St. Agnes's in Crumlin, and St. Ultan's in Cherry Orchard, both of which are providing compulsory music tuition for all... |
| 650 ## - SUBJECT ADDED ENTRY--TOPICAL TERM | |
| General subdivision | Art. |
| 856 ## - ELECTRONIC LOCATION AND ACCESS | |
| Uniform Resource Identifier | <a href="http://topdocumentaryfilms.com/music-changes-lives/">http://topdocumentaryfilms.com/music-changes-lives/</a> |
| Withdrawn status | Lost status | Damaged status | Home library | Current library | Date acquired | Total Checkouts | Date last seen | Price effective from | Koha item type |
|---|---|---|---|---|---|---|---|---|---|
| College Library | College Library | 05/17/2017 | 05/17/2017 | 05/17/2017 | Documentary Films |